Bella /
Keď sa Bella ako malé chlpaté šteniatko ocitne v rodine plnej detí, praje si len jediné: zapadnúť medzi ne a stať sa jedným z nich. Tým najposlušnejším! S dobrými nápadmi, ako to docieliť, však jej majitelia prestanú mať trpezlivosť. A tak sa ocitne v útulku. Tam od skúsených psích kamarátov pochytí...
Uloženo v:
| Hlavní autor: | |
|---|---|
| Médium: | E-kniha |
| Jazyk: | Czech |
| Vydáno: |
Praha :
Albatros Media Slovakia s.r.o.,
2020
|
| Tagy: |
Žádné tagy |
| LEADER | 01518nam a22002297i 4500 | ||
|---|---|---|---|
| 001 | 312445 | ||
| 007 | ta | ||
| 008 | 260601s2020 xr ||||| |||| 00| 0 cze d | ||
| 020 | |a 9788056618738 | ||
| 044 | |a xr | ||
| 100 | 1 | |a Standishová, Ali |4 aut | |
| 245 | 1 | 0 | |a Bella / |c Standishová, Ali |
| 240 | 1 | 0 | |a Bad Bella |
| 264 | 1 | |a Praha : |b Albatros Media Slovakia s.r.o., |c 2020 | |
| 300 | |a 1 online zdroj (176 stran) | ||
| 336 | |a text |b txt |2 rdacontent | ||
| 337 | |a bez média |b n |2 rdamedia | ||
| 338 | |a online zdroj |b cr |2 rdacarrier | ||
| 520 | 2 | |a Keď sa Bella ako malé chlpaté šteniatko ocitne v rodine plnej detí, praje si len jediné: zapadnúť medzi ne a stať sa jedným z nich. Tým najposlušnejším! S dobrými nápadmi, ako to docieliť, však jej majitelia prestanú mať trpezlivosť. A tak sa ocitne v útulku. Tam od skúsených psích kamarátov pochytí nejednu múdrosť, takže keď si ju vyberie nová rodina, je odhodlaná ukázať, že je ten najlepší pes na svete. Vianoce sa blížia a aj Bella má svoje psie želanie: nájsť rodinu, ktorá ju bude milovať. | |
| 910 | |a RBIT002 | ||
| 998 | |d 407376 |a https://core.palmknihy.cz/api/books/407376/cover?sgozm9 |b https://core.palmknihy.cz/api/books/407376/cover/400?sgozm9 |c https://core.palmknihy.cz/api/books/407376/cover/50?sgozm9 |e 2029-12-31 |g 176 |i 9788056618738 |j https://core.palmknihy.cz/api/books/407376/preview.epub |k https://core.palmknihy.cz/api/books/407376/preview.pdf |l |q 49 |r 1 |s https://www.palmknihy.cz/kniha/407376 |t ebook |y 2020 |z 1 | ||
| 999 | |d 312443 | ||